|
|
|
|
| LEADER |
00000nam a2200000Ia 4500 |
| 008 |
170526b1996 p ||||| |||| 00| | spa d |
| 999 |
|
|
|c 1273
|d 1273
|
| 090 |
|
|
|a 04.02.01
|b 1042
|
| 245 |
1 |
0 |
|a Derechos humanos de las mujeres /
|c Jesús Gonzáles Amuchastegui y otros
|
| 260 |
|
|
|a Perú :
|b Movimiento Manuela Ramos,
|c 1996
|
| 300 |
|
|
|a 339 páginas
|
| 490 |
|
|
|a Mujer y Derechos Humanos,
|v 2
|
| 650 |
1 |
4 |
|a DERECHOS DE LA MUJER
|9 84
|
| 650 |
1 |
4 |
|a DERECHOS HUMANOS
|9 588
|
| 650 |
1 |
4 |
|9 956
|a IGUALDAD DE GÉNERO
|
| 650 |
1 |
4 |
|a IGUALDAD DE OPORTUNIDADES
|9 952
|
| 650 |
1 |
4 |
|a VIOLENCIA CONTRA LAS MUJERES
|9 85
|
| 700 |
1 |
|
|a Gonzáles Amuchastegui, Jesús
|9 2870
|
| 942 |
|
|
|i 001746
|h 04.02.01 1042
|2 z
|c 01
|